000 00915nam2a22002291 4500
001 v19\rc\2064953
005 20250620025458.0
035 _a(NLR Aleph) 005140986
090 _a4802843
_c4802843
100 _a20081111d1911 |||y0rusy50 ca
101 0 _arus
102 _aRU
105 _ay z |||||
200 0 _aза 1910 год
210 _d1911
_aБ. м.
215 _a86 с.
461 0 _1001v19\rc\2064951
_12001#$aОтчет Петроградского общества борьбы с бугорчаткой...$vза 1910 год
_94802825
_aПетербургское общество борьбы с бугорчаткой
_cПетроград
_d1910-1915
_p23 с.
_tОтчет Петроградского общества борьбы с бугорчаткой...
_vза 1910 год
801 0 _aRU
_bNLR
_gpsbo
801 1 _aRU
_bProSoft-M
_2rusmarc
852 _aNLR
_j18.304.8.18
942 _cBOOK
980 _aNB